Understanding Islamic finance / (Record no. 17597)
[ view plain ]
| 000 -LEADER | |
|---|---|
| fixed length control field | 01770nam a22002775a 4500 |
| 005 - DATE AND TIME OF LATEST TRANSACTION | |
| control field | 20160829141017.0 |
| 008 - FIXED-LENGTH DATA ELEMENTS--GENERAL INFORMATION | |
| fixed length control field | 070827t2007 enka frbd 001 0 eng d |
| 020 ## - INTERNATIONAL STANDARD BOOK NUMBER | |
| International Standard Book Number | 9780470030691 |
| 040 ## - CATALOGING SOURCE | |
| Original cataloging agency | EG-ScBUE |
| Language of cataloging | eng |
| Transcribing agency | EG-ScBUE |
| Modifying agency | EG-ScBUE |
| 082 04 - DEWEY DECIMAL CLASSIFICATION NUMBER | |
| Classification number | 332.091767 |
| Edition number | 22 |
| Item number | AYU |
| 100 1# - MAIN ENTRY--PERSONAL NAME | |
| Personal name | Ayub, Muhammad, |
| Dates associated with a name | 1951- |
| 9 (RLIN) | 33911 |
| 245 10 - TITLE STATEMENT | |
| Title | Understanding Islamic finance / |
| Statement of responsibility, etc | Muhammad Ayub. |
| 260 ## - PUBLICATION, DISTRIBUTION, ETC. (IMPRINT) | |
| Place of publication, distribution, etc | Chichester : |
| Name of publisher, distributor, etc | John Wiley & Sons, Ltd., |
| Date of publication, distribution, etc | c.2007. |
| 300 ## - PHYSICAL DESCRIPTION | |
| Extent | xxvi, 516 p. : |
| Other physical details | ill. ; |
| Dimensions | 25 cm. |
| 490 0# - Series Statement | |
| Series statement | Wiley finance series. |
| 500 ## - GENERAL NOTE | |
| General note | Glossary : p. [485]-496. |
| 500 ## - GENERAL NOTE | |
| General note | Index : p. [509]-516. |
| 504 ## - BIBLIOGRAPHY, ETC. NOTE | |
| Bibliography, etc | Bibliography : p. 497-504. |
| 505 0# - FORMATTED CONTENTS NOTE | |
| Formatted contents note | Distinguishing features of the Islamic economic system -- The main prohibitions and business ethics in Islamic economics and finance -- The philosophy and features of Islamic finance -- Islamic law of contracts and business transactions -- Trading in Islamic commercial law -- Loan and debt in Islamic commercial law -- Overview of financial institutions and products: conventional and Islamic -- Murabaha and musawamah -- Forward sales : salam and istisna'a -- Ijarah / leasing -- Participatory modes : shirkah and its variants -- Some accessory contracts -- Application of the system : financing principles and practices -- Sukuh and securitization : vital issues in Islamic capital markets -- Takaful : an alternative to conventional insurance -- An appraisal of common criticism of Islamic banking and finance -- The way forward. |
| 650 #7 - SUBJECT ADDED ENTRY--TOPICAL TERM | |
| Topical term or geographic name as entry element | Finance |
| Geographic subdivision | Islamic countries. |
| 9 (RLIN) | 32713 |
| Source of heading or term | BUEsh |
| 650 #7 - SUBJECT ADDED ENTRY--TOPICAL TERM | |
| Topical term or geographic name as entry element | Finance |
| General subdivision | Religious aspects |
| -- | Islam. |
| 9 (RLIN) | 28658 |
| Source of heading or term | BUEsh |
| 650 #7 - SUBJECT ADDED ENTRY--TOPICAL TERM | |
| Topical term or geographic name as entry element | Economics |
| General subdivision | Religious aspects |
| -- | Islam. |
| 9 (RLIN) | 33913 |
| Source of heading or term | BUEsh |
| 651 ## - SUBJECT ADDED ENTRY--GEOGRAPHIC NAME | |
| Source of heading or term | BUEsh |
| 653 ## - INDEX TERM--UNCONTROLLED | |
| Resource For college | BAEPS, Economics |
| Arrived date list | October2013 |
| -- | August 2016 |
| 942 ## - ADDED ENTRY ELEMENTS (KOHA) | |
| Source of classification or shelving scheme | Dewey Decimal Classification |
| Item type | Book - Borrowing |
| Withdrawn status | Item status | Source of classification or shelving scheme | Damaged status | Not for loan | Vendor | Home library | Current library | Shelving location | Date acquired | Source of acquisition | Total Checkouts | Full call number | Barcode | Date last seen | Date last borrowed | Koha item type | Total Renewals | Checked out | Cost, normal purchase price | Serial Enumeration / chronology | Cost, replacement price |
|---|---|---|---|---|---|---|---|---|---|---|---|---|---|---|---|---|---|---|---|---|---|
| Dewey Decimal Classification | Baccah | Central Library | Central Library | First floor | 08/10/2013 | 1 | 332.091767 AYU | 000029276 | 15/07/2025 | 09/11/2013 | NB - Book (Non borrowing) | ||||||||||
| Dewey Decimal Classification | Baccah | Central Library | Central Library | First floor | 08/10/2013 | 332.091767 AYU | 000029277 | 15/07/2025 | Book - Borrowing | ||||||||||||
| Dewey Decimal Classification | Baccah | Central Library | Central Library | First floor | 08/10/2013 | 1 | 332.091767 AYU | 000029278 | 09/09/2014 | 09/09/2014 | Book - Borrowing | 11 | 22/07/2021 | ||||||||
| Dewey Decimal Classification | Baccah | Central Library | Central Library | First floor | 29/08/2016 | Purchase | 332.091767 AYU | 000033418 | 15/07/2025 | Book - Borrowing | 480.00 | 25140 | 600.00 |